|
|
|
|
| LEADER |
00000cam a22000002c 4500 |
| 001 |
1840062312 |
| 003 |
DE-627 |
| 005 |
20250706104057.0 |
| 007 |
cr uuu---uuuuu |
| 008 |
230324s1984 xx |||||o 00| ||eng c |
| 024 |
7 |
|
|a 10.3886/ICPSR08003.v2
|2 doi
|
| 035 |
|
|
|a (DE-627)1840062312
|
| 035 |
|
|
|a (DE-599)KXP1840062312
|
| 040 |
|
|
|a DE-627
|b ger
|c DE-627
|e rda
|
| 041 |
|
|
|a eng
|
| 084 |
|
|
|a 2,1
|2 ssgn
|
| 110 |
2 |
|
|a United States Department of Justice. Office of Justice Programs. Bureau of Justice Statistics
|e VerfasserIn
|4 aut
|
| 245 |
1 |
0 |
|a Commercial Victimization Surveys, 1973-1977 (United States): National Sample
|
| 264 |
|
1 |
|a [Erscheinungsort nicht ermittelbar]
|b [Verlag nicht ermittelbar]
|c 1984
|
| 336 |
|
|
|a Text
|b txt
|2 rdacontent
|
| 337 |
|
|
|a Computermedien
|b c
|2 rdamedia
|
| 338 |
|
|
|a Online-Ressource
|b cr
|2 rdacarrier
|
| 520 |
|
|
|a These Commercial Victimization Surveys were collected as part of the National Crime Surveys. They document burglary and robbery incidents for all types of commercial establishments, as well as political, cultural, and religious organizations. Business characteristics gathered include form of ownership and operation, size and type of business, and security measures. Information regarding the reported incidents includes time and place, weapon involvement, offender and entry characteristics, injuries and deaths, and type and value of stolen property. Data were collected by calendar quarter for four quarters in 1973-1976 and for two quarters in 1977, while the actual incidents reported in the files reflect those occurring six months prior to the interview date.
|
| 540 |
|
|
|a ICPSR Terms of Use
|
| 650 |
|
4 |
|a armed robbery
|
| 650 |
|
4 |
|a Burglary
|
| 650 |
|
4 |
|a Cities
|
| 650 |
|
4 |
|a Crime rates
|
| 650 |
|
4 |
|a Larceny
|
| 650 |
|
4 |
|a national crime statistics (USA)
|
| 650 |
|
4 |
|a Offenders
|
| 650 |
|
4 |
|a Organizations
|
| 650 |
|
4 |
|a Robbery
|
| 650 |
|
4 |
|a security systems
|
| 650 |
|
4 |
|a Urban Crime
|
| 650 |
|
4 |
|a Victimization
|
| 655 |
|
7 |
|a Forschungsdaten
|0 (DE-588)1098579690
|0 (DE-627)857755366
|0 (DE-576)469182156
|2 gnd-content
|
| 787 |
0 |
8 |
|i Forschungsdaten zu
|a Lynch, James P., 1949 -
|t Opportunity Theory and Commercial Crime: Implications from Models of Non-commercial Crime
|d American Society of Criminology, 1993
|w (DE-627)1912641976
|
| 787 |
0 |
8 |
|i Forschungsdaten zu
|a Sparks, Richard F., - 1988
|t Surveys of victimization -- An optimistic assessment
|d University of Chicago Press, 1981
|w (DE-627)1912719681
|
| 856 |
4 |
0 |
|u https://doi.org/10.3886/ICPSR08003.v2
|x Resolving-System
|z kostenfrei
|3 Volltext
|7 0
|
| 935 |
|
|
|a mkri
|
| 951 |
|
|
|a BO
|
| ELC |
|
|
|a 1
|
| LOK |
|
|
|0 000 xxxxxcx a22 zn 4500
|
| LOK |
|
|
|0 001 4296809962
|
| LOK |
|
|
|0 003 DE-627
|
| LOK |
|
|
|0 004 1840062312
|
| LOK |
|
|
|0 005 20230324125314
|
| LOK |
|
|
|0 008 230324||||||||||||||||ger|||||||
|
| LOK |
|
|
|0 035
|a (DE-2619)ICPSR8003
|
| LOK |
|
|
|0 040
|a DE-2619
|c DE-627
|d DE-2619
|
| LOK |
|
|
|0 092
|o n
|
| LOK |
|
|
|0 852
|a DE-2619
|
| LOK |
|
|
|0 852 1
|9 00
|
| LOK |
|
|
|0 935
|a foda
|a nacj
|
| LOK |
|
|
|0 939
|a 24-03-23
|b l01
|
| OAS |
|
|
|a 1
|
| ORI |
|
|
|a SA-MARC-krimdoka001.raw
|